000 00287nam a2200109Ia 4500
008 170620s9999 xx 000 0 und d
020 _a978-81-89928-28-5
100 _aSHARMA-A K
245 0 _aFUNDAMENTALS OF COMPUTER & PROGRAMMING WITH C
260 _bDHANPAT RAI PUB N DELHI
260 _c2013
546 _aENGLISH
999 _c29971
_d29971